Kapitál Kritika politickej ekonómie

Guardado en:
Detalles Bibliográficos
Autor principal: Marx, Karl
Formato: Libro
Lenguaje:eslovaco
Publicado: Bratislava Pravda 1987
Edición:2. vyd.
Etiquetas: Agregar Etiqueta
Sin Etiquetas, Sea el primero en etiquetar este registro!

MARC

LEADER 00000nam a2200000 4500
001 c036637
005 20251104114258.1
041 0 |a slo 
044 |a SK 
245 1 0 |a Kapitál  |b Kritika politickej ekonómie  |c Karl Marx ; [Z nem. prel.] Dušan Plachtinský 
250 |a 2. vyd. 
264 1 |a Bratislava  |b Pravda  |c 1987 
300 |a 829 s. 
100 1 |a Marx, Karl